| 000 | 00348nam a22001337a 4500 | ||
|---|---|---|---|
| 008 | 250217b |||||||| |||| 00| 0 eng d | ||
| 020 | _a0256142807 | ||
| 050 |
_aHD62.7 _b.C65 |
||
| 100 | _aCOLLINS, James C. | ||
| 245 | _aManaging the Small to Mid-Sized Company | ||
| 260 |
_aAmerica _bRichard D. Irwin _c1995 |
||
| 300 | _axviii, 512p. | ||
| 942 | _cBK | ||
| 999 |
_c1950 _d1950 |
||